000 00489nam a2200181Ia 4500
003 GCL
008 140319s9999 xx 000 0 eng d
040 _aGCL /
_cGCL
082 0 4 _a658.1511
_bP S
100 1 _aPUXTY, ANTHONY G.
245 1 0 _aTHE SOCIAL AND ORGANZATIONAL CONTEXT OF MANAGEMENT ACCOUNTING /
_cPUXTY, ANTHONY G.
260 _a[S.N] :
_bACDEMIC PRESS
300 _a163 P P
650 0 4 _aMANAGEMENT
650 0 4 _aACCOUNTING
650 0 4 _aSOCIAL SCIENCE
942 _2ddc
_cBK
999 _c16789
_d16789